Online katalóg knižníc regiónu Turca

Hriech minulosti (Record no. 20678)

MARC details
000 -LEADER
fixed length control field 00810nam a2200277 4500
001 - CONTROL NUMBER
control field 20678
003 - CONTROL NUMBER IDENTIFIER
control field VRT
005 - DATE AND TIME OF LATEST TRANSACTION
control field 20260128154530.0
008 - FIXED-LENGTH DATA ELEMENTS--GENERAL INFORMATION
fixed length control field 241205s2021 xr 000 0 slo c
020 ## - INTERNATIONAL STANDARD BOOK NUMBER
International Standard Book Number 9788020619471
Qualifying information (viazané)
040 ## - CATALOGING SOURCE
Original cataloging agency SNK
Language of cataloging slo
Transcribing agency SNK
Description conventions rda
041 0# - LANGUAGE CODE
Language code of text/sound track or separate title slo
044 ## - COUNTRY OF PUBLISHING/PRODUCING ENTITY CODE
MARC country code xr
ISO country code CZ
072 #7 - SUBJECT CATEGORY CODE
Source konspekt
080 ## - UNIVERSAL DECIMAL CLASSIFICATION NUMBER
Edition identifier 2011
100 1# - MAIN ENTRY--PERSONAL NAME
Personal name Pavelková, Kristína,
Dates associated with a name 1985-
Relationship aut
245 10 - TITLE STATEMENT
Title Hriech minulosti
Statement of responsibility, etc. Kristína Pavelková
264 #1 - PRODUCTION, PUBLICATION, DISTRIBUTION, MANUFACTURE, AND COPYRIGHT NOTICE
Place of production, publication, distribution, manufacture Praha
Name of producer, publisher, distributor, manufacturer Naše vojsko
Date of production, publication, distribution, manufacture, or copyright notice 2021
300 ## - PHYSICAL DESCRIPTION
Extent 222 strán
336 ## - CONTENT TYPE
Content type term text
Content type code txt
Source rdacontent
337 ## - MEDIA TYPE
Media type term bez média
Media type code n
Source rdamedia
338 ## - CARRIER TYPE
Carrier type term zväzok
Carrier type code nc
Source rdacarrier
942 ## - ADDED ENTRY ELEMENTS (KOHA)
Source of classification or shelving scheme Dewey Decimal Classification
Koha item type Krásna literatúra pre dospelých
Suppress in OPAC No
949 ## - LOCAL PROCESSING INFORMATION (OCLC)
a snk
b snk
o Vydavatelství a nakladatelství Aleš Čeněk49-ah/14Int. č. fa – 35/2024
Holdings
Stav vyradenia Strata Poškodenie Spôsob nadobudnutia Domovská knižnica Aktuálna knižnica Dátum nadobudnutia Total checkouts Total renewals Čiarový kód exemplára Date due Date last seen Date last checked out Typ exemplára
      Dar Obecná knižnica Dražkovce Obecná knižnica Dražkovce 28.01.2026 1 1 4736500690 07.04.2027 28.01.2026 28.01.2026 Krásna literatúra pre dospelých
Projekt je podporený Slovenskou asociáciou knižníc
Prevádzkuje Turčianska knižnica Martin 2026